Sports Quiz

Random Sports Quiz

Michael Jordan Quiz Stats

 Plays Quiz not verified by Sporcle

Score 0/5 Timer 04:00
0 Plays Today
hint answer % Correct
chicagobulls
96.3%
washingtonwizards
93.2%
collegenorth carolina
84.7%
baseballbirmingham barons
27.4%
baseballscottsdale scorpions
10.5%

You're not logged in!

Compare scores with friends on all Sporcle quizzes.
OR
Log In

Show Comments

Extras

Created Feb 24, 2012ReportNominate
Tags:michael, Michael Jordan, team

Top Quizzes Today


Score Distribution

Your Account Isn't Verified!

In order to create a playlist on Sporcle, you need to verify the email address you used during registration. Go to your Sporcle Settings to finish the process.

Report this User

Report this user for behavior that violates our Community Guidelines.

Details: